Applied thermodynamics for engineering technologists \ (Record no. 31617)

000 -LEADER
fixed length control field 00840cam a2200277 a 4500
001 - CONTROL NUMBER
control field 4751122
003 - CONTROL NUMBER IDENTIFIER
control field OSt
005 - DATE AND TIME OF LATEST TRANSACTION
control field 20211230102911.0
008 - FIXED-LENGTH DATA ELEMENTS--GENERAL INFORMATION
fixed length control field 850626s1986 enka b 001 0 eng
010 ## - LIBRARY OF CONGRESS CONTROL NUMBER
LC control number 85016632
038 ## - RECORD CONTENT LICENSOR
Staff Name khadija
040 ## - CATALOGING SOURCE
Original cataloging agency DLC
Transcribing agency DLC
Modifying agency DLC
050 00 - LIBRARY OF CONGRESS CALL NUMBER
Classification number TJ265
Item number .E23 1986
082 00 - DEWEY DECIMAL CLASSIFICATION NUMBER
Classification number 621.4021 EAS
Edition number 19
100 1# - MAIN ENTRY--PERSONAL NAME
Personal name Eastop, T. D.
Fuller form of name (Thomas D.)
9 (RLIN) 7133
245 10 - TITLE STATEMENT
Title Applied thermodynamics for engineering technologists \
Statement of responsibility, etc. T.D. Eastop, A. McConkey.
250 ## - EDITION STATEMENT
Edition statement 5th ed.
260 ## - PUBLICATION, DISTRIBUTION, ETC.
Place of publication, distribution, etc. London ;
-- New York :
Name of publisher, distributor, etc. Longman,
Date of publication, distribution, etc. 1986.
300 ## - PHYSICAL DESCRIPTION
Extent x, 915 p. :
Other physical details ill. ;
Dimensions 22 cm.
504 ## - BIBLIOGRAPHY, ETC. NOTE
Bibliography, etc. note Includes bibliographies and index.
563 ## - BINDING INFORMATION
Binding note paper back
650 #0 - SUBJECT ADDED ENTRY--TOPICAL TERM
Topical term or geographic name entry element Thermodynamics.
9 (RLIN) 7134
700 1# - ADDED ENTRY--PERSONAL NAME
Personal name McConkey, A.
Fuller form of name (Allan),
Dates associated with a name 1927-
9 (RLIN) 7494
906 ## - LOCAL DATA ELEMENT F, LDF (RLIN)
a 7
b cbc
c orignew
d 1
e ocip
f 19
g y-gencatlg
942 ## - ADDED ENTRY ELEMENTS (KOHA)
Source of classification or shelving scheme
Koha item type Book
Holdings
Withdrawn status Lost status Source of classification or shelving scheme Damaged status Not for loan Permanent Location Current Location Shelving location Date acquired Full call number Barcode Date last seen Price effective from Koha item type Public note
          School of Mechanical & Manufacturing Engineering (SMME) School of Mechanical & Manufacturing Engineering (SMME) Reference 07/07/2015 621.4021 EAS SMME-415 03/28/2018 07/07/2015 Book Rack,11-Shelf,2
          School of Mechanical & Manufacturing Engineering (SMME) School of Mechanical & Manufacturing Engineering (SMME) Text Books 10/07/2015 621.4021 EAS SMME-1419 03/28/2018 10/07/2015 Book  
© 2023 Central Library, National University of Sciences and Technology. All Rights Reserved.